00646nam a2200181Ia 4500003000900000008004100009040001600050245011700066260004200183300001500225650004100240650002600281700002800307700002800335942000700363999001500370952007900385IN-BaIIA211028s9999 xx 000 0 eng d cIIA Library 0aCatalysmic variables and low mass x-ray binariescedited by D. Q Lamb and J. Patterson  aDordrechtbD. Reidel Publishingc1985 axii, 452p. aAstronomy and astrophysics thesaurus ax-ray binaries914395 aLamb, D. Q., ed.914396 aPatterson J.,ed.914397 cBK c8583d8583 00104070aBANbKAVcGENd1986-01-08l0p9452r2021-11-05w1986-01-08yBK